Dealing with employment discrimination (Record no. 32389)

MARC details
000 -LEADER
fixed length control field 00330nam a2200121Ia 4500
082 ## - DEWEY DECIMAL CLASSIFICATION NUMBER
Classification number 347:331.5
Item number PER
100 ## - MAIN ENTRY--AUTHOR NAME
Personal name PERES, Richard
245 #0 - TITLE STATEMENT
Title Dealing with employment discrimination
260 ## - PUBLICATION, DISTRIBUTION, ETC. (IMPRINT)
Place of publication New York
Name of publisher McGraw Hill
Year of publication 1978
650 ## - SUBJECT ADDED ENTRY--TOPICAL TERM
Topical Term Employment discrimination
942 ## - ADDED ENTRY ELEMENTS (KOHA)
Koha item type Books
Holdings
Withdrawn status Lost status Damaged status Not for loan Home library Current library Date acquired Full call number Accession Number Koha item type
        RRII Library RRII Library 16/12/2021 347:331.5 PER 12907 Books